Statistiques concernant Pays avec le plus de prisonniers

Cliquez ici pour prendre le quiz!

Statistiques générales

  • Ce quiz a été pris 304 fois
  • Le résultat moyen est 13 sur 20

Statistiques - réponses

#Country% Correct
2 068 800Etats-Unis
98%
1 690 000Chine
93%
471 490Russie
93%
811 707Brésil
92%
220 866Mexique
92%
478 600Inde
85%
109 405Argentine
79%
97 615Colombie
78%
189 000Iran
67%
291 198Turquie
66%
266 259Indonésie
62%
120 000Egypte
61%
147 922Afrique du Sud
57%
309 282Thaïlande
54%
84 990Maroc
53%
87 251Pérou
52%
123 697Vietnam
43%
165 583Philippines
37%
110 000Ethiopie
31%
92 000Myanmar
25%

Distribution des résultats

Percentile par nombre de réponses

% des personnes avec chaque résultat

Votre développement - résultats

Vous n’avez pas pris ce quiz